| 000 | 00627naa a2200217 i 4500 | ||
|---|---|---|---|
| 001 | 50202 | ||
| 003 | ES-MaBCM | ||
| 005 | 20241016111133.0 | ||
| 008 | 971211s1997 fra 000 0 fre d | ||
| 021 | _axx | ||
| 035 | _a(OCoLC)1365127209 | ||
| 040 | _cES-MaBCM | ||
| 041 | 0 | _afre | |
| 043 | _afra | ||
| 100 | 1 |
_aBruno, Catherine _96780 |
|
| 245 | 1 | 0 |
_aLe chômage des jeunes en France _b: un État des lieux _cCatherine Bruno |
| 650 | 2 | 7 |
_aTrabajo de jóvenes _958523 |
| 651 | 4 |
_aFrancia _9115364 |
|
| 773 | 0 |
_aEn: _tProblèmes économiques _dParis : 1997 _w104496 _gnº 2.539, oct., p. 11-16. - Loc. S.428 |
|
| 942 | _cAREV | ||
| 999 |
_c50202 _d50202 |
||